| 000 | 00543nam a22001817a 4500 | ||
|---|---|---|---|
| 003 | 0 | ||
| 005 | 20251001150022.0 | ||
| 008 | 251001b xxu||||| |||| 00| 0 eng d | ||
| 020 | _a978-1-5095-3647-4 | ||
| 050 |
_aRC 514 _b.O64 2022 |
||
| 100 |
_aOphir, Orna, _eauthor. |
||
| 245 |
_aSchizophrenia : _ban unfinished history / _cOrna Ophir. |
||
| 260 |
_aCambridge, UK : _bPolity Press, _c2022. |
||
| 300 |
_axvii, 299 pages ; _c24 cm. |
||
| 504 | _aIncludes bibliographical references and index. | ||
| 650 | _aSchizophrenia. | ||
| 942 |
_2lcc _cBK |
||
| 999 |
_c368173 _d368173 |
||